000 03161nam a22011177a 4500
003 PE-LiUPU
005 20250813185659.0
008 230928b |||||||| |||| 00| 0 spa d
020 _a9789972046872
040 _aPE-LiUPU
_bspa
_cPE-LiUPU
_erda
082 _223
_a342.1
_bF819d
100 _aFranciskovic Ingunza, Millitza.
_92809
_d1965-
_eautor.
245 _aDerecho internacional público /
_cMillitza Franciskovic Ingunza.
250 _aPrimera edición.
264 _aLima :
_bEditora Jurídica Grijley,
_c2022.
300 _a235 páginas.
_c24 centímetros.
505 _aConcepto del derecho internacional público -- sujetos del derecho internacional público-- Fuentes del derecho internacional público -- Tratados internacionales -- Proceso de concertación de los tratados -- Negociación -- Consentimiento de un estado en obligarse por el tratado -- Entrada en vigencia de los tratados --Reserva a los tratados -- Registro y publicación de los tratados -- Vicios del consentimiento -- Contenido de los tratados -- Causales de extinción de los tratados -- Otras fuentes del derecho internacional público -- Relaciones del derecho internacional público con los derechos internos -- Derechos del mar -- La comunidad internacional organizada -- Anexos.
526 _aP202
526 _aP201
526 _aP163
526 _aP162
526 _aP161
526 _aP160
526 _aP148
526 _aP147
526 _aP146
526 _aP145
526 _aP144
526 _aP143
526 _aP142
526 _aP141
526 _aP140
526 _aP139
526 _aP138
526 _aP137
526 _aP136
526 _aP135
526 _aP134
526 _aP133
526 _aP129
526 _aP128
526 _aP127
526 _aP120
526 _aP119
526 _aP118
526 _aP116
526 _aP115
526 _aP114
526 _aP110
526 _aP109
526 _aP108
526 _aP104
526 _aP103
526 _aP102
526 _aP99
526 _aP98
526 _aP97
526 _aP96
526 _aP95
526 _aP93
526 _aP90
526 _aP89
526 _aP88
526 _aP83
526 _aP82
526 _aP62
526 _aP59
526 _aP58
526 _aP57
526 _aP51
526 _aP49
526 _aP48
526 _aP47
526 _aP29
526 _aP24
526 _aP20
526 _aP19
526 _aP17
526 _aP15
526 _aP14
526 _aP12
526 _aP10
526 _aP09
526 _aP08
526 _aP07
526 _aP06
526 _aP05
526 _aP04
526 _aP01
556 _aE001-106 10444184961
_z9789972046872
650 0 _aDerecho internacional público.
_92813
650 0 _aTratados internacionales
_92815
942 _2ddc
_cBK
_n0
999 _c62031
_d62031
980 _621515
_aDIGNA BRAÑES Analista Documental
_81
_gALBERTO SANCHEZ Responsable de Automatización